| 000 | 00432nam a2200181Ia 4500 | ||
|---|---|---|---|
| 008 | 230725s2008 xx 000 0 und d | ||
| 041 | _aeng | ||
| 082 |
_a615.4 _bCAR |
||
| 100 | _aCARTER S.J. | ||
| 245 | _aCOOPER AND GUNN'S DISPENSING FOR PHARMACEUTICAL STUDENTS | ||
| 260 |
_bC.B.S PUBLICATION _c2008 |
||
| 300 | _a759 | ||
| 365 | _h20% | ||
| 500 | _aTEXT BOOK | ||
| 501 | _aPH | ||
| 520 | _aPB | ||
| 650 | _aPHARMACEUTICS | ||
| 999 |
_c776599 _d776599 |
||